Представление документа в формате MARC21

ПолеНазваниеЗначение
  Тип записи a
  Библиографический уровень m
001 Контрольный номер RU/URAIT/582647
005 Дата корректировки 20260429163650.7
008 Кодируемые данные 260429s2026 RU y f j 000 0 rus u
020 Индекс ISBN __
a ISBN 978-5-534-21486-4
c Цена, тираж 1359.00
040 Источник каталогиз. __
a Служба первич. каталог. ИКО Юрайт
c Служба, преобразующая запись ИКО Юрайт
e Правила каталог. RCR
041 Код языка издания __
a Код языка текста rus
044 Код страны публикации __
a Код страны публикации RU
080 Индекс УДК __
a Индекс УДК 1/14(075.8)
084 Индекс другой классификации/Индекс ББК __
2 Источник индекса rubbk
a Индекс другой классификации/Индекс ББК 87я73
100 Автор __
a Автор Лебедев С. А.
q Полное имя Лебедев Сергей Александрович
245 Заглавие __
a Заглавие Философия науки
b Продолж. заглавия учебник для вузов
c Ответственность С. А. Лебедев.
250 Сведения об издании __
g пер. и доп
a Основные сведения об издании 2-е изд.
256 Характеристики компьютерного файла __
a Характеристики компьютерного файла Электрон. дан.
260 Выходные данные __
a Место издания Москва
b Издательство Юрайт
c Дата издания 2026
300 Физическое описание __
a Объем 244 с
440 Серия __
a Серия Высшее образование
500 Примечания __
a Примечание URL: https://urait.ru/bcode/582647 (дата обращения: 29.04.2026).
520 Аннотация __
a Аннотация В курсе рассмотрены основные положения общей философии науки, после чего дано решение большинства частных проблем современной философии науки, которое показано в виде дидактических схем, сопровождающихся терминологическими разъяснениями.
538 Прим. о системных особенностях __
a Прим. о системных особенностях Режим доступа: Электронно-библиотечная система Юрайт, для авториз. пользователей
653 Ключевые слова __
a Ключевые слова Философия
653 Ключевые слова __
a Ключевые слова Общественные науки
653 Ключевые слова __
a Ключевые слова Философия науки
653 Ключевые слова __
a Ключевые слова Философия научного знания
653 Ключевые слова __
a Ключевые слова Философия научного познания
653 Ключевые слова __
a Ключевые слова Философия научных исследований
856 Электронный адрес документа 40
n Местонахождение сервера Юрайт
g Электронная книга
q Тип электронного формата html
h Имя пользователя ЮРАЙТ
v Часы доступа к ресурсу 20271231
2 Способ доступа Показать документ
x Служебное примечание https://urait.ru/book/cover/A5CF88EF-D465-4C96-B85E-BCE6C0E1DB31
u URL https://urait.ru/bcode/582647
856 Электронный адрес документа 48
q Тип электронного формата cover
u URL https://urait.ru/book/cover/A5CF88EF-D465-4C96-B85E-BCE6C0E1DB31
911 __
u 0030=https://urait.ru/bcode/582647
911 __
u 073a=9785534214864
u 073d=1359.00
911 __
u 106a=s
911 __
u 900l=
952 Тип литературы __
i Дисциплина Философия науки
952 Тип литературы __
i Дисциплина Философия научного знания
952 Тип литературы __
i Дисциплина Философия научного познания
952 Тип литературы __
i Дисциплина Философия научных исследований